Controlling v logistike

Gespeichert in:
Bibliographische Detailangaben
1. Verfasser: Fabová, Jana
Format: Buchkapitel
Sprache:Slowakisch
Tags: Tag hinzufügen
Keine Tags, Fügen Sie das erste Tag hinzu!

MARC

LEADER 00000naa$a2200000$$$4500
001 0060789
005 20240502071656.5
041 0 |a slo 
044 |a SK 
245 1 0 |a Controlling v logistike  |c Jana Fabová 
100 1 |a Fabová, Jana